Payment provisions (Record no. 117703)

MARC details
000 -LEADER
fixed length control field 01934cam a2200277 4500
001 - CONTROL NUMBER
control field ABS68015
008 - FIXED-LENGTH DATA ELEMENTS--GENERAL INFORMATION
fixed length control field 040715n2004 000 0 eng u
035 ## - SYSTEM CONTROL NUMBER
System control number (Sirsi) u126787
100 ## - MAIN ENTRY--PERSONAL NAME
Personal name Brewer, G.
245 ## - TITLE STATEMENT
Title Payment provisions
260 ## - PUBLICATION, DISTRIBUTION, ETC.
Date of publication, distribution, etc. 2004
490 ## - SERIES STATEMENT
Series statement Contract Journal
Volume/sequential designation 424(6481) 23 June 2004, 22(1)
520 ## - SUMMARY, ETC.
Summary, etc. Discusses "Alstom Signalling Ltd v Jarvis Facilities Ltd" ([2004] EWHC 1232 (TCC), [2004] All ER (D) 02 (Jun)), which concerned payment and withholding issues under cost reimburseable contracts. A subcontracted J to supply signalling equipment for a Railtrack project. Under the IChemE Model Form of Conditions of Contract for Process Plants, the subcontract stated J would be paid what the works cost, plus a management fee. When a dispute arose regarding the terms of the contract, J claimed it should be paid the entirity of what was due and the case went to adjudication. J was awarded an interim amount against A, but A appealed when dispute arose over the final amount. The claimant A sought a declaration regarding the terms of the subcontract with J and to recover a contribution to the total loss it claimed to have suffered under the main contract. "Held": J was not entitled to a summary judgment and the adjudicator's decision was set aside. Judgment available to view at www.bailii.org.
590 ## - LOCAL NOTE (RLIN)
Local note ABS
590 ## - LOCAL NOTE (RLIN)
Local note ABS
650 ## - SUBJECT ADDED ENTRY--TOPICAL TERM
Topical term or geographic name entry element ALSTOM SIGNALLING LTD V JARVIS FACILITIES LTD
650 ## - SUBJECT ADDED ENTRY--TOPICAL TERM
Topical term or geographic name entry element COST REIMBURSABLE CONTRACTS
650 ## - SUBJECT ADDED ENTRY--TOPICAL TERM
Topical term or geographic name entry element ICHEME MODEL FORM OF CONDITIONS OF CONTRACT FOR PROCESS PLANTS
650 ## - SUBJECT ADDED ENTRY--TOPICAL TERM
Topical term or geographic name entry element ADJUDICATION
650 ## - SUBJECT ADDED ENTRY--TOPICAL TERM
Topical term or geographic name entry element BUILDING CONTRACTS
650 ## - SUBJECT ADDED ENTRY--TOPICAL TERM
Topical term or geographic name entry element WITHHOLDING NOTICES
690 ## - LOCAL SUBJECT ADDED ENTRY--TOPICAL TERM (OCLC, RLIN)
Topical term or geographic name as entry element DISPUTE RESOLUTION
9 (RLIN) 6236
856 ## - ELECTRONIC LOCATION AND ACCESS
Uniform Resource Identifier <a href="https://www.bailii.org/ew/cases/EWHC/TCC/2004/1285.html">https://www.bailii.org/ew/cases/EWHC/TCC/2004/1285.html</a>
Public note View judgment on the BAILII website...
856 ## - ELECTRONIC LOCATION AND ACCESS
Uniform Resource Identifier <a href="https://www.bailii.org/ew/cases/EWHC/TCC/2004/1285.html">https://www.bailii.org/ew/cases/EWHC/TCC/2004/1285.html</a>
Public note View judgment on the BAILII website...
942 ## - ADDED ENTRY ELEMENTS (KOHA)
Suppress in OPAC 0
Holdings
Withdrawn status Lost status Source of classification or shelving scheme Damaged status Not for loan Home library Current library Shelving location Date acquired Total Checkouts Full call number Barcode Date last seen Copy number Price effective from Koha item type
    Dewey Decimal Classification     London London Journal article 15/07/2004   ABS68015 126787-1001 06/08/2019 1 06/08/2019 Journal article